PUT on your Jersey (Record no. 71054)

MARC details
000 -LEADER
fixed length control field 00975cam a2200217 4500
001 - CONTROL NUMBER
control field ABS65845
008 - FIXED-LENGTH DATA ELEMENTS--GENERAL INFORMATION
fixed length control field 020902n2002 000 0 eng u
035 ## - SYSTEM CONTROL NUMBER
System control number (Sirsi) u119524
100 ## - MAIN ENTRY--PERSONAL NAME
Personal name Clarke, M.
245 ## - TITLE STATEMENT
Title PUT on your Jersey
260 ## - PUBLICATION, DISTRIBUTION, ETC.
Date of publication, distribution, etc. 2002
490 ## - SERIES STATEMENT
Series statement Property Week
Volume/sequential designation 67(30) 2 August 2002, 30(1)
520 ## - SUMMARY, ETC.
Summary, etc. Looks at the Property Unit Trust (PUT) industry which has grown as a means of investing in property. Notes that the UK-domiciled unauthorised PUTs have dominated the market for most of the last 30 years but this is now being more overlooked by the Jersey-domiciled version. This is because the regulations in Jersey permit the co-mingling of investors regardless of tax status. All Jersey PUT's adhere to the requirements of the Jersey Financial Services Authority.
590 ## - LOCAL NOTE (RLIN)
Local note ABS
650 ## - SUBJECT ADDED ENTRY--TOPICAL TERM
Topical term or geographic name entry element PROPERTY UNIT TRUSTS
650 ## - SUBJECT ADDED ENTRY--TOPICAL TERM
Topical term or geographic name entry element PUTS
650 ## - SUBJECT ADDED ENTRY--TOPICAL TERM
Topical term or geographic name entry element LIMITED PARTNERSHIPS
650 ## - SUBJECT ADDED ENTRY--TOPICAL TERM
Topical term or geographic name entry element TAX AVOIDANCE
690 ## - LOCAL SUBJECT ADDED ENTRY--TOPICAL TERM (OCLC, RLIN)
Topical term or geographic name as entry element INVESTMENT
942 ## - ADDED ENTRY ELEMENTS (KOHA)
Suppress in OPAC 0
Holdings
Withdrawn status Lost status Source of classification or shelving scheme Damaged status Not for loan Home library Current library Shelving location Date acquired Total Checkouts Full call number Barcode Date last seen Copy number Price effective from Koha item type
    Dewey Decimal Classification     London London Journal article 02/09/2002   ABS65845 119524-1001 06/08/2019 1 06/08/2019 Journal article